000 00421nam a2200157 i 4500
001 79947
003 ES-MaACL
005 20230906174105.0
007 t|
008 041025s1918 xxk ||||1| spa d
100 1 _aHill, George Francis.
_963701
245 1 0 _aMedallas conmemorativas alemanas /
_cG.F. Hill.
260 _aLondon :
_b[s.n.,
_c1918]
650 4 _aMedallas-
_zEuropa.
_9144288
852 _aES-MaACL
_j1576-F-14
999 _c79947
_d79947